000 01006nam a2200313 i 4500
003 DO-SdBNP
005 20230911133736.0
007 ta
008 100326s1968 dr 000 0 spa d
040 _aDO-SdBNP
_bspa
_cBNPHU
_erda
082 _a617.645
_bS237p, 1968
100 1 _aSantos N., Gladys E. de los
_938267
245 1 0 _aPor los niños /
_cGladys E. de los Santos N.
250 _a4a. edición
264 1 _aSanto Domingo :
_bOvaciones,
_c1968.
300 _a30 páginas
_c22 cm.
336 _2rdacontent
_atexto
_btxt
337 _2rdamedia
_asin mediacíon
_bn
338 _2rdacarrier
_avolumen
_bnc
500 _aDistribución gratuita
500 _adivulgación de la Clínica Dental Dra. De Los Santos.
590 _aInventariado, 2023/ YL
650 4 _aNiños
_xPreparación para el cuidado de los dientes
_938268
650 4 _aDentición
_921584
650 4 _aDientes
_xCuidado e higiene
_938269
650 4 _aPerdida de dientes
_938270
910 _aYLockward
942 _2ddc
_cLF2
999 _c54680
_d54680